02135nam a2200385 a 4500001001200000003000800012006001900020007001500039008004100054010001700095020004700112020004400159020004400203020004100247040002100288035002100309050002400330082001800354100002900372245009600401260005500497300001600552490005300568504005600621505053800677533015201215600005401367630004701421630004501468655002901513710001701542830004901559856012601608999001501734ebr10286061CaPaEBRm u cr cn|||||||||080722s2008 gau sb 000 0 eng  z 2008032440 z9781589833722 (paper binding : alk. paper) z1589833724 (paper binding : alk. paper) z9781589833739 (electronic library copy) z1589833732 (electronic library copy) aCaPaEBRcCaPaEBR a(OCoLC)50606890014aBS2551b.C67 2008eb04a226/.04862221 aCosaert, Carl P.,d1968-14aThe text of the Gospels in Clement of Alexandriah[electronic resource] /cCarl P. Cosaert. aAtlanta :bSociety of Biblical Literature,cc2008. axiv, 370 p.1 aThe New Testament and the Greek Fathers ;vno. 9 aIncludes bibliographical references (p. [355]-370).0 aClement of Alexandria : the most learned of all -- Clement and the New Testament -- Introduction to the text and critical apparatus -- The Gospel text in Clement : text and apparatus -- Quantitative analysis -- Group profile analysis -- The typology of Clement's readings -- The transmission of the Gospels in Alexandria -- Appendix 1: Indeterminable gospel references -- Appendix 2: Catena fragments and Latin references -- Appendix 3: The Gospel text of Clement's opponents -- Appendix 4: Clement in the apparatus of NA27 and UBS4. aElectronic reproduction.bPalo Alto, Calif. :cebrary,d2013.nAvailable via World Wide Web.nAccess may be limited to ebrary affiliated libraries.00aClement,cof Alexandria, Saint,dca. 150-ca. 215.00aBible.pN.T.pGospelsxCriticism, Textual.00aBible.pN.T.pGospels.lGreekxVersions. 7aElectronic books.2local2 aebrary, Inc. 0aNew Testament in the Greek fathers ;vno. 9.40uhttp://site.ebrary.com/lib/rucke/Doc?id=10286061zAn electronic book accessible through the World Wide Web; click to view c2044d2044